Study of lithium and other related elements among evolved stars (Record no. 36111)

MARC details
000 -LEADER
fixed length control field 00710 a2200217 4500
003 - CONTROL NUMBER IDENTIFIER
control field IN-BaIIA
005 - DATE AND TIME OF LATEST TRANSACTION
control field 20250902114158.0
008 - FIXED-LENGTH DATA ELEMENTS--GENERAL INFORMATION
fixed length control field 250902b |||||||| |||| 00| 0 eng d
040 ## - CATALOGING SOURCE
Transcribing agency IIA Library
100 ## - MAIN ENTRY--PERSONAL NAME
Personal name Mallick, Anohita
9 (RLIN) 49273
245 ## - TITLE STATEMENT
Title Study of lithium and other related elements among evolved stars
Statement of responsibility, etc. Anohita Mallick
Medium [Thesis]
260 ## - PUBLICATION, DISTRIBUTION, ETC.
Place of publication, distribution, etc. Bangalore
Name of publisher, distributor, etc. Indian Institute of Astrophysics
Date of publication, distribution, etc. 2025
300 ## - PHYSICAL DESCRIPTION
Extent xv, 183p.
502 ## - DISSERTATION NOTE
Degree type Doctor of Philosophy
Name of granting institution Pondicherry University, Puducherry
Year degree granted 2025
650 ## - SUBJECT ADDED ENTRY--TOPICAL TERM
Topical term or geographic name entry element Stars
650 ## - SUBJECT ADDED ENTRY--TOPICAL TERM
Topical term or geographic name entry element Lithium
9 (RLIN) 23812
650 ## - SUBJECT ADDED ENTRY--TOPICAL TERM
Topical term or geographic name entry element Stellar evolution
700 ## - ADDED ENTRY--PERSONAL NAME
Personal name B. Eswar Reddy
Relator term Supervisor
9 (RLIN) 48915
856 ## - ELECTRONIC LOCATION AND ACCESS
Link text Click Here to Access eThesis
942 ## - ADDED ENTRY ELEMENTS (KOHA)
Source of classification or shelving scheme Universal Decimal Classification
Koha item type Thesis & Dissertations
Holdings
Withdrawn status Lost status Source of classification or shelving scheme Damaged status Not for loan Home library Current library Shelving location Date acquired Source of acquisition Cost, normal purchase price Total Checkouts Barcode Date last seen Cost, replacement price Price effective from Koha item type Purchase Price
    Dewey Decimal Classification     IIA Library-Bangalore IIA Library-Bangalore General Stacks 18/08/2025 74 0.00   20720 02/09/2025 0.00 02/09/2025 Thesis & Dissertations  

Powered by Koha